000 01502nam a2200325 i 4500
003 EG-GICUC
005 20260121101703.0
008 260108s1977 ua ||||fr|||| 001 0 ara d
017 _a4818
020 _a9777259220
040 _a EG-GICUC
_bara
_c EG-GICUC
_d EG-GICUC
_erda
041 _aara
082 0 4 _a343.44203
_bق د . م
_221
092 0 4 _221
099 _aLaw1 10 343.44203 ق د . م 1977 1006784
100 0 _aقدري عبد الفتاح الشهاوي.
_eمؤلف.
245 1 2 _aالموسوعة الشرطية القانونية :
_bالنظام القانوني، المجال التشريعي، الإطار الفقهي، المناط الشرعي جنائيا وإداريا : دراسة تحليلية تاريخية تأصيلية مقارنة طبقا للاتجاه الحديث والمعاصر في التشريع المصري-العربي-الأجنبي /
_cعقيد دكتور قدري عبد الفتاح الشهاوي.
264 1 _aالقاهرة :
_bعالم الكتب،
_c1977.
300 _a973 صفحة ؛
_c24 سم.
336 _2rda content
_atext
337 _2rda media
_aComputer
338 _2rda carrier
_aOnline Resource
504 _aيشتمل على ارجاعات ببليوجرافية.
546 _aالنص باللغة العربية
650 1 _aقانون العقوبات العسكري.
_2qrmak
651 1 _2qrmak
856 4 0 _uhttps://fll.law.cu.edu.eg/fulltext/bks/B10-06784.pdf
905 _a18
942 _2ddc
_n0
_cBK
_e21
999 _c55537
_d55537